Расы и народы. Современные этнические и расовые проблемы: ежегодник; Вып. 26

Detalhes bibliográficos
Autor Corporativo: Российская академия наук Институт этнологии и антропологии им. Н. Н. Миклухо-Маклая
Idioma:russo
Publicado em: Москва, Наука, 2001
Assuntos:
Formato: MixedMaterials Livro
KOHA link:https://koha.lib.tpu.ru/cgi-bin/koha/opac-detail.pl?biblionumber=30027

MARC

LEADER 00000nam0a2200000 4500
001 30027
005 20231030203733.0
010 |a 5020087122 
035 |a (RuTPU)RU\TPU\book\30294 
035 |a BOOK00030370 
090 |a 30027 
100 |a 20011209d2001 k y0rusy50 ca 
101 0 |a rus 
102 |a RU 
105 |a y z 001zy 
200 1 |a Расы и народы. Современные этнические и расовые проблемы  |e ежегодник  |f Российская академия наук, Институт этнологии и антропологии им. Н. Н. Миклухо-Маклая  |h Вып. 26 
210 |a Москва  |c Наука  |d 2001 
215 |a 269 с. 
320 |a Список сокращений: с. 263-264. 
610 1 |a этнография 
610 1 |a история 
610 1 |a расы 
610 1 |a народы 
610 1 |a Северный Кавказ 
610 1 |a Закавказье 
610 1 |a кавказоведение 
686 |a Т52  |v LBC/SL-A  |2 rubbk 
712 0 2 |a Российская академия наук  |b Институт этнологии и антропологии им. Н. Н. Миклухо-Маклая  |2 stltpush  |3 (RuTPU)RU\TPU\col\377 
801 0 |a RU  |b 63413507  |c 20011209  |g PSBO 
801 2 |a RU  |b 63413507  |c 20130907  |g PSBO 
942 |c BK